Religion in Moldova - Statistics

General Stats
  • This quiz has been taken 227 times
  • The average score is 3 of 5
Answer Stats
Hint Answer % Correct
93.34% Christian - Orthodox
96%
0.14% Christian - Catholic
91%
1.89% Christian - Protestant
76%
0.11% Jewish
55%
0.15% Christian - Old believer
4%
No matching quizzes found
Score Distribution
Percent of People with Each Score
Percentile by Number Answered
Your Score History
You have not taken this quiz